Accounting: A Business Perspective. (Record no. 1275)

MARC details
005 - DATE AND TIME OF LATEST TRANSACTION
control field 20250410140724.0
020 ## - INTERNATIONAL STANDARD BOOK NUMBER
International Standard Book Number 0-256-16732-x
082 ## - DEWEY DECIMAL CLASSIFICATION NUMBER
Classification number 657 HER
100 ## - MAIN ENTRY--PERSONAL NAME
Author name HERMANSON ,R.H.
245 ## - TITLE STATEMENT
Title Accounting: A Business Perspective.
250 ## - EDITION STATEMENT
Edition statement 7th Ed.
260 ## - PUBLICATION, DISTRIBUTION, ETC.
Place of publication, distribution, etc. New York,
Name of publisher, distributor, etc. Mcgraw- Hill Irwin,
Date of publication, distribution, etc. 1998.
300 ## - PHYSICAL DESCRIPTION
Extent xxviii, 950p.: Ill.; figures & table.
Other physical details Index
Dimensions 27cm.
700 ## - ADDED ENTRY--PERSONAL NAME
Other authors/Editors EDWARDS, J. D.& MAHER, M.W.
856 ## - ELECTRONIC LOCATION AND ACCESS
Link text Access Online Book
Electronic name Accounting
Path http://www.mhhe.com
942 ## - ADDED ENTRY ELEMENTS (KOHA)
Source of classification or shelving scheme Dewey Decimal Classification
Koha item type Books
Holdings
Date last seen Total checkouts Full call number Barcode Cost, replacement price Price effective from Koha item type Lost status Source of classification or shelving scheme Damaged status Not for loan Withdrawn status Home library Current library Shelving location Date acquired Cost, normal purchase price
04/10/2025   657 HER 0000004990 90000.00 04/10/2025 Books   Dewey Decimal Classification       College of Business Education Main Library College of Business Education Main Library General Collection 04/10/2025 30000.00
04/10/2025   657 HER 0000004991 90000.00 04/10/2025 Books   Dewey Decimal Classification       College of Business Education Main Library College of Business Education Main Library General Collection 04/10/2025 30000.00
04/10/2025   657 HER 0000004992 90000.00 04/10/2025 Books   Dewey Decimal Classification       College of Business Education Main Library College of Business Education Main Library General Collection 04/10/2025 30000.00
05/28/2025   LECT 657 HER 00000010377 90000.00 05/28/2025 Books   Dewey Decimal Classification       College of Business Education Main Library College of Business Education Main Library General Collection 03/15/2003 30000.00